LEADER 00569nam1 22001811i 450 001 UON00520409 005 20231205105542.227 100 $a20231122f |0itac50 ba 101 $aita 102 $aIT 105 $a|||| ||||| 200 1 $aTestimonianze 210 $aRoma$cEditori Riuniti 463 1$1001UON00520408$12001 $aˆLa ‰camorra, le camorre$fIsaia Sales$gprefazione di Corrado Stajano$1210 $aRoma$cEditori riuniti$d1988$1215 $a222 p.$d22 cm$v6 801 $aIT$bSOL$c20240220$gRICA 912 $aUON00520409 996 $aTestimonianze$988668 997 $aUNIOR